Cities that Start in A by Clue - Statistics

General Stats
  • This quiz has been taken 33 times
  • The average score is 10 of 15
Answer Stats
Hint Answer % Correct
The city that has a nickname of Venice of the North Amsterdam
93%
Home of the world busiest airport Atlanta
93%
Capital of New York Albany
90%
Capital of Jordan Amman
90%
Biggest city in the Anatolia peninsula Ankara
87%
The oldest capital in Europe Athens
87%
The most populated coastal city of the Mediterranean Sea Alexandria
77%
Breaking Bad filming location Albuquerque
67%
Means 'New Flower" in Amharic Addis Ababa
60%
Second oldest Syrian city Aleppo
60%
Former capital city of France Algiers
47%
The highest national capital by elevation among the island countries Antananarivo
47%
The only city in Upolu island Apia
43%
Home of the biggest falcon hospital Abu Dhabi
40%
Biggest city in Ivory Coast Abidjan
20%
No matching quizzes found
Score Distribution
Percent of People with Each Score
Percentile by Number Answered
Your Score History
You have not taken this quiz